| 000 | 004300000a22001810004500 | ||
|---|---|---|---|
| 003 | LK-CoMWRAF | ||
| 008 | 230817t ||||| |||| 00| 0 eng d | ||
| 040 |
_aLK-CoMWRAF _dLK-CoMWRAF _eLK-CoMWRAF |
||
| 041 | _aeng | ||
| 082 |
_a300 _bKRI |
||
| 100 | _aKrishnan, Rajam | ||
| 245 |
_aKalanthorum penn _bSamuhaviyal aayvu |
||
| 250 | _a2nd | ||
| 260 |
_aChennai _bThaham _c1989 |
||
| 300 | _ap.195 | ||
| 650 | _aWomen | ||
| 942 | _cBK | ||
| 999 |
_c2646 _d2646 |
||